| 000 | 00545nam a2200181Ia 4500 | ||
|---|---|---|---|
| 003 | GCL | ||
| 005 | 20240530103627.0 | ||
| 008 | 140319s9999 xx 000 0 ara d | ||
| 040 |
_aGCL / _cGCL |
||
| 082 | 0 | 4 |
_a913.03 _bع م |
| 100 | 1 | _aعبدالعزيزطريح شرف | |
| 245 | 1 | 0 |
_aالموجز فى تاريخ الكشف الجغرافى / _cعبدالعزيزطريح شرف |
| 300 | _a323 ص | ||
| 490 |
_aكتاب _v0 |
||
| 650 | 0 | 4 | _aالجغرافيا البشرية |
| 650 | 0 | 4 | _aالكشوف الجغرافية |
| 942 |
_2ddc _cBK |
||
| 999 |
_c41275 _d41275 |
||